Lone survivor /
The story of four Navy SEALs sent on an ill-fated covert mission to neutralize a high-level Taliban operative. They are ambushed by enemy forces in the Hindu Kush region of Afghanistan. Based on The New York Times bestseller.
| Other Authors: | , , , , , , |
|---|---|
| Format: | Video Blu-ray Disc |
| Language: | English Spanish |
| Language Notes: | English or dubbed Spanish dialogue; optional subtitles in Spanish; English subtitles for the deaf and hard of hearing (SDH); English described video (DVS) |
| Published: |
[Place of publication not identified] :
[Publisher not identified],
[2014]
|
| Edition: | [Blu-ray]. |
| Subjects: |
MARC
| Tag | First Indicator | Second Indicator | Subfields |
|---|---|---|---|
| LEADER | 00000cgm a2200000Ki 4500 | ||
| 001 | in00003477913 | ||
| 005 | 20151206101413.0 | ||
| 007 | vd csaizq | ||
| 008 | 140603p20142013cau122 vleng d | ||
| 019 | |a 880902510 | ||
| 024 | 1 | |a 025192175893 | |
| 028 | 4 | 2 | |a 61125456 |b Universal Studios Home Entertainment |q (container) |
| 028 | 4 | 2 | |a 2031419 |b Universal Studios Home Entertainment |q (Blu-ray) |
| 035 | |a (OCoLC)ocn880902984 | ||
| 035 | |a (OCoLC)880902984 |z (OCoLC)880902510 | ||
| 040 | |a JPK |c JPK |d FFL |d OCLCO |d TXA |d UtOrBLW | ||
| 041 | 1 | |a eng |a spa |j eng |j spa |h eng | |
| 043 | |a n-us--- |a a-af--- | ||
| 049 | |a TXAM | ||
| 082 | 0 | 4 | |a 791.43/72 |2 23 |
| 090 | |a PN1997.2 |b .L648 2014b | ||
| 245 | 0 | 0 | |a Lone survivor / |c Universal Pictures and Emmett/Furla Films present ; produced by Peter Berg [and eight others] ; written and directed by Peter Berg. |
| 250 | |a [Blu-ray]. | ||
| 264 | 1 | |a [Place of publication not identified] : |b [Publisher not identified], |c [2014] | |
| 264 | 2 | |a Universal City, CA : |b Universal Studios Home Entertainment. | |
| 264 | 4 | |c ©2014 | |
| 300 | |a 1 Blu-ray disc (122 min.) : |b sound, color ; |c 4 3/4 in. | ||
| 336 | |a two-dimensional moving image |b tdi |2 rdacontent | ||
| 337 | |a video |b v |2 rdamedia | ||
| 338 | |a videodisc |b vd |2 rdacarrier | ||
| 344 | |a digital |b optical |g surround |h 5.1 DTS-HD Master Audio |h 5.1 DTS Digital surround |2 rda | ||
| 347 | |a video file |b Blu-ray |2 rda | ||
| 538 | |a Blu-ray, widescreen (2.40:1) presentation; DTS-HD Master audio 5.1 (English), 2.0 stereo (English DVS), DTS Digital surround (Spanish); requires Blu-ray player. | ||
| 546 | |a English or dubbed Spanish dialogue; optional subtitles in Spanish; English subtitles for the deaf and hard of hearing (SDH); English described video (DVS) | ||
| 500 | |a Cataloged from container. | ||
| 511 | 1 | |a Mark Wahlberg, Ben Foster, Emile Hirsch, Eric Bana, Taylor Kitsch. | |
| 508 | |a Music, Explosions in the Sky, Steve Jablonsky ; editor, Colby Parker, Jr. ; director of photography, Tobias Schlessler. | ||
| 500 | |a Based on the book by Marcus Luttrell with Patrick Robinson. | ||
| 500 | |a Originally released as a motion picture in 2013. | ||
| 521 | 8 | |a MPAA rating: R; for strong bloody war violence and pervasive language. | |
| 520 | |a The story of four Navy SEALs sent on an ill-fated covert mission to neutralize a high-level Taliban operative. They are ambushed by enemy forces in the Hindu Kush region of Afghanistan. Based on The New York Times bestseller. | ||
| 500 | |a Blu-ray bonus features: Recreating the firefight; learning the basics; will of the warrior; the Pashtun code of life; bringing the story to light ; the fallen heroes of Operation Red Wings. | ||
| 500 | |a Videorecording. | ||
| 600 | 1 | 0 | |a Luttrell, Marcus |v Drama. |
| 610 | 1 | 0 | |a United States. |b Navy. |b SEALs |x Officers |v Drama. |
| 650 | 0 | |a Afghan War, 2001- |x Campaigns |v Drama. | |
| 650 | 0 | |a Afghan War, 2001- |v Personal narratives, American |v Drama. | |
| 655 | 7 | |a Feature films. |2 lcgft | |
| 655 | 7 | |a War films. |2 lcgft | |
| 655 | 7 | |a Action and adventure films. |2 lcgft | |
| 655 | 7 | |a Film adaptations. |2 lcgft | |
| 655 | 7 | |a Video recordings for the hearing impaired. |2 lcgft | |
| 655 | 7 | |a Video recordings for people with visual disabilities. |2 lcgft | |
| 700 | 1 | |a Berg, Peter, |d 1964- |e film director, |e screenwriter, |e film producer. | |
| 700 | 1 | |a Wahlberg, Mark, |d 1971- |e actor. | |
| 700 | 1 | |a Foster, Ben, |d 1980- |e actor. | |
| 700 | 1 | |a Hirsch, Emile, |d 1985- |e actor. | |
| 700 | 1 | |a Bana, Eric, |e actor. | |
| 700 | 1 | |a Kitsch, Taylor, |d 1981- |e actor. | |
| 700 | 1 | |i Motion picture adaptation of (work): |a Luttrell, Marcus. |t Lone survivor. | |
| 710 | 2 | |a Universal Pictures (Firm), |e presenter. | |
| 710 | 2 | |a Emmett Furla Films, |e presenter. | |
| 710 | 2 | |a Universal Studios Home Entertainment (Firm), |e film distributor. | |
| 994 | |a C0 |b TXA | ||
| 948 | |a cataloged |b h |c 2014/6/6 |d c |e blrosas |f 1:33:19 pm | ||
| 999 | |a MARS | ||
| 999 | f | f | |s 7639e472-db72-3476-869a-3563ff062500 |i 98b18ffd-df91-391b-b4da-0f09a8d98b52 |t 0 |
| 952 | f | f | |p bluray |a Texas A&M University |b College Station |c Sterling C. Evans Library |d Evans: Media and Reserves (Annex 1st floor) |t 0 |e PN1997.2 .L648 2014b |h Library of Congress classification |i video -- videodisc |m A14842395791 |
| 998 | f | f | |a PN1997.2 .L648 2014b |t 0 |l Evans: Media and Reserves (Annex 1st floor) |